| 000 | 01291nac a22003131u 4500 | ||
|---|---|---|---|
| 010 | _a 77004644 | ||
| 020 | _a0060905921 : | ||
| 082 | 0 | 0 |
_a297.12405 _bF9137 |
| 090 |
_c3012 _d3012 |
||
| 100 | _aFriedlander ,Shems. | ||
| 245 | 0 | 0 |
_aAh tesslimiyet = _bSubmission : sayings of the prophet Muhammad / _chadith selections, design, photographs by Shems Friedlander ; hadith notations by Al-Hajj Shaikh Muzaffereddin. |
| 250 | _a1st ed. | ||
| 260 |
_aNew York : _bHarper & Row, _c1977. |
||
| 300 |
_a143 p. : _bill. ; _c24 cm. |
||
| 490 | 0 | _aHarper colophon books | |
| 500 | _aTitle in Ottoman Turkish at head of title. | ||
| 500 | _a"Title calligraphy, ninety nine names of Allah by Hattat Hamid al-Amidi, Arabic text written by Dr. Tevfik Topuzoglu." | ||
| 500 | _aArabic text and English translation. | ||
| 500 | _aDonations. | ||
| 500 | _aDonations - Dr. Mostafa Gouda. | ||
| 650 | 0 |
_aHadith _xTexts. |
|
| 650 | 0 |
_aReligious life _xIslam. |
|
| 650 | 0 |
_aIslam _xDoctrines. |
|
| 700 | 1 | _aFriedlander, Shems. | |
| 700 | 1 |
_aOzak, Muzaffer, _d1916- |
|
| 740 | 0 | _aSubmission. | |
| 942 |
_cBB _k297.12405F9137 |
||
| 999 |
_c3012 _d3012 |
||